[Event "Budapest Spring Festival 2018"]
[Site "Budapest"]
[Date "2018.04.24"]
[Round "7"]
[White "Gonda, Laszlo"]
[Black "Bernadskiy, Vitaliy"]
[Result "1/2-1/2"]
[WhiteElo "2510"]
[BlackElo "2584"]
[Annotator "TA"]
[PlyCount "61"]
[EventDate "2018.??.??"]
[EventType "swiss"]
[EventCountry "HUN"]
[SourceTitle "playchess.com"]
[Source "ChessBase"]
[SourceQuality "1"]

{[%evp 21,61,42,47,31,53,36,62,58,77,56,48,42,43,47,53,42,50,45,73,18,91,76,77,77,121,97,101,94,89,48,64,0,0,0,0,0,0,0,0,0,0,0]} 1. Nf3 g6 2. g3 Bg7 3. d4 c5 4. c3 cxd4 5. cxd4 d5 6. Bg2 Nc6 7. Nc3 Nf6 8. O-O O-O 9. Ne5 Ng4 10. Nxd5 Ngxe5 11. dxe5 Bxe5 12. Bg5 {D79: Fianchetto Grünfeld: Symmetrical Variation (6 0-0 c6 7 cxd5 cxd5)} f6 $146 ({Predecessor:} 12... Bxb2 13. Rb1 Bg7 14. Nxe7+ Nxe7 15. Qxd8 Rxd8 16. Bxe7 {1-0 (50) Horvath,J (2528)-Raja,H (2329) Zalakaros 2016}) 13. Be3 Be6 14. Qd2 {White is slightly better.} Bf7 15. Rfd1 (15. Bc5 {seems wilder.} Kh8 16. Rfd1 Rc8 17. Rac1 Qd7 18. f4) 15... e6 16. Nf4 {[%cal Bd5f4,Bf4d3,Bd3c5][%mdl 32]} Qxd2 17. Rxd2 Rfd8 18. Rad1 Bc7 19. a3 f5 20. b4 (20. Bxc6 $16 bxc6 21. Rxd8+ Rxd8 22. Rxd8+ Bxd8 23. Bxa7) 20... a6 (20... Rxd2 $11 {remains equal.} 21. Rxd2 e5) 21. Nd3 e5 22. Bg5 {[#] And now Bxc6 would win.} Rd4 23. Nc5 Rxd2 24. Rxd2 e4 25. f3 a5 26. Rd7 (26. fxe4 $14 axb4 27. axb4) 26... Be5 $11 {The position is equal.} 27. fxe4 axb4 28. axb4 Bd4+ 29. e3 $1 {[%cal Re3d4]} Ra1+ 30. Kf2 $1 Ra2+ 31. Kg1 {Precision: White = 48%, Black = 42%.} 1/2-1/2

[Event "Budapest Spring Festival 2018"]
[Site "Budapest"]
[Date "2018.04.24"]
[Round "7"]
[White "Golubka, Petro"]
[Black "Drazic, Sinisa"]
[Result "0-1"]
[WhiteElo "2509"]
[BlackElo "2394"]
[Annotator "TA"]
[PlyCount "108"]
[EventDate "2018.??.??"]
[EventType "swiss"]
[EventCountry "HUN"]
[SourceTitle "playchess.com"]
[Source "ChessBase"]
[SourceQuality "1"]

{[%evp 9,108,39,39,54,86,73,74,71,80,71,72,75,99,99,146,94,95,0,0,0,0,0,7,25,0,-11,-16,-25,-15,-10,83,0,0,0,0,-21,-27,-41,-31,-35,30,33,35,22,54,43,60,31,41,0,0,0,0,-8,-16,-6,0,-50,0,-64,0,-42,-27,-27,-30,-79,-75,-77,-87,-104,-103,-150,-30,-150,-152,-133,-133,-133,-133,-141,-133,-152,-155,-250,-263,-275,-255,-466,-327,-336,-277,-327,-330,-337,-327,-450,-408,-654,-655,-575,-567]} 1. d4 g6 2. e4 Nf6 3. e5 Nh5 4. Be2 d6 5. Nf3 dxe5 (5... Nc6 6. O-O Bg7 7. exd6 exd6 8. Bg5 Nf6 9. Nc3 h6 10. Be3 O-O 11. h3 Ne7 12. Qd2 {1-0 (58) So,W (2812)-Nepomniachtchi,I (2732) Leuven 2017}) 6. Nxe5 {B06: Modern Defence} Nf6 $146 ({Predecessor:} 6... Nd7 7. f4 Ng7 8. O-O Nf5 9. c3 Bg7 10. Na3 O-O 11. Nc2 Nf6 12. Ne3 c6 {0-1 (41) Brochet,P (2335)-Herb,P (2310) France 2000}) 7. Bc4 {[%csl Ge5][%cal Rc4f7] [#]} e6 8. Bg5 {White is better.} Bg7 9. Nc3 h6 10. Bh4 Nbd7 11. Qf3 Nb6 {[#]} 12. Bb5+ (12. Bd3 $142 $1) 12... c6 $16 13. Nxc6 ({Much weaker is} 13. Ne4 $6 g5 $11) (13. Bd3 $16) 13... bxc6 $11 14. Bxc6+ Bd7 {And now ...Bxc6 would win.} 15. Bxa8 Qxa8 16. Qxa8+ Nxa8 17. Bxf6 Bxf6 18. O-O-O Nb6 19. Ne4 Bg5+ (19... Bg7 $11 {keeps the balance.}) 20. Kb1 (20. Nxg5 $16 {Strongly threatening Ne4.} hxg5 21. h3) 20... Bc6 21. Rhe1 Be7 22. g3 g5 23. c3 {[%cal Bc2c3,Bc3c4][%mdl 32]} h5 24. b3 Bxe4+ (24... g4 $15) 25. Rxe4 Nd5 26. Kb2 Bd6 27. c4 Nf6 28. Re2 Kd7 29. h3 h4 30. g4 Rb8 31. f3 Kc7 32. Kc2 a5 33. Ra1 Nd7 {[%mdl 1024] Black has compensation.} 34. a3 (34. Rd1 $11) 34... Kc6 ({Black should try} 34... Nf8 $15) 35. Re3 Nf8 36. Rd3 Kc7 37. c5 Be7 38. Kc3 Ng6 39. Kc4 Nf4 40. Rd2 Bf6 ({Better is} 40... Nxh3 $17 41. b4 Bf6) 41. b4 (41. Rh1 $11) 41... Nxh3 $17 42. b5 Nf4 43. a4 Kb7 44. Rb1 Nd5 45. Rh1 Rh8 46. b6 (46. Re2 $17 {might work better.}) 46... Ka6 $19 47. Kd3 Rd8 48. Rhh2 $2 (48. Rc1) 48... Kb7 49. Kc4 Kc6 50. Rd3 Nb4 51. Rdd2 Rd5 52. Rhe2 Kb7 53. Re4 (53. f4 $142 Nc6 54. fxg5 Bxd4 55. g6 Rxc5+ 56. Kd3 fxg6 57. Rxe6) 53... Nc6 54. f4 Bxd4 {Precision: White = 39%, Black = 67%.} 0-1

[Event "Budapest Spring Festival 2018"]
[Site "Budapest"]
[Date "2018.04.24"]
[Round "7"]
[White "Korpa, Bence"]
[Black "Donchenko, Alexander"]
[Result "1/2-1/2"]
[WhiteElo "2499"]
[BlackElo "2574"]
[Annotator "TA"]
[PlyCount "118"]
[EventDate "2018.??.??"]
[EventType "swiss"]
[EventCountry "HUN"]
[SourceTitle "playchess.com"]
[Source "ChessBase"]
[SourceQuality "1"]

{[%evp 10,118,27,27,24,22,36,33,37,23,27,21,33,19,28,12,19,15,18,10,30,37,49,47,51,47,50,47,45,53,47,45,51,72,29,46,18,0,0,0,0,-21,-15,-26,0,-27,-33,-41,-39,-59,-35,-56,-33,-60,-53,-52,-42,-48,-8,-8,-8,-8,-8,-13,-13,-13,-13,-13,-14,-14,-13,-93,-93,-93,-93,-93,-93,-93,-93,-88,-65,-65,-50,-50,-49,-49,-49,-49,-39,-39,-39,-49,-35,-49,-49,-49,-49,-49,-49,-49,-42,-49,-39,-39,-39,-39,-39,-39,-39,-39,-39]} 1. g3 g6 2. Bg2 Bg7 3. d4 c5 4. c3 Qa5 5. dxc5 Qxc5 6. e4 {LiveBook: 4 Games. A40: Unusual replies to 1 d4} Nf6 7. Ne2 O-O 8. O-O {White is slightly better.} d6 9. h3 Nc6 $146 ({Predecessor:} 9... Nbd7 10. Na3 Qc7 11. g4 Nc5 {0-1 (54) Sofronie,I (2405)-Iordachescu,V (2515) Bucharest 1998}) 10. Be3 Qb5 11. Qd2 Rd8 12. Na3 Qa4 13. Qd1 Qa5 14. Nf4 b5 15. Nd5 Bb7 16. Qb3 Rab8 17. Qxb5 {aiming for Nxe7+!} Nxd5 $1 18. exd5 Ba6 $1 {[%cal Ra6b5]} 19. Qxa5 $1 ({Don't play} 19. Qxc6 Rbc8 $15) 19... Nxa5 20. Rfb1 Nc4 21. Nxc4 Bxc4 22. Bxa7 Ra8 $1 {[%cal Ra8a7]} 23. Bd4 Bxd4 24. cxd4 Bxa2 25. Re1 Kf8 26. Rac1 Rd7 27. Re2 {Threatening b4.} Bb3 28. Rc3 Rb7 {[%mdl 1024] Black has compensation.} 29. Ree3 Rab8 30. Re2 Bd1 31. Rd2 Ba4 $1 32. Ra3 Bd7 33. g4 Rxb2 34. Rxb2 Rxb2 $15 {[%mdl 4096] Endgame KRB-KRB} 35. Ra8+ $1 Be8 36. Bf1 f6 37. Ba6 Ra2 38. Bb7 Rxa8 39. Bxa8 $11 {KB-KB} Bd7 40. Kg2 {[#]} (40. Bc6 $11 {keeps the balance.} Ke8 41. Bxd7+ Kxd7 42. Kf1) 40... Ke8 $1 $17 41. Bb7 Kd8 42. Ba6 Kc7 43. Bd3 Kb6 44. Kf3 Ka5 45. h4 {Black is slightly better.} Bb5 46. Be4 Kb4 47. Ke3 Kc3 48. f4 Bd7 49. g5 f5 50. Bf3 Be8 51. Bg2 Bf7 52. Bh1 Kc4 53. Bf3 Bxd5 54. Be2+ Kc3 55. h5 Bc4 56. hxg6 hxg6 {[#] Strongly threatening ...Bxe2.} 57. Bf3 Bf7 58. Bc6 Kc4 59. Bd7 Kb4 {Precision: White = 63%, Black = 72%.} 1/2-1/2

[Event "Budapest Spring Festival 2018"]
[Site "Budapest"]
[Date "2018.04.24"]
[Round "7"]
[White "Christiansen, Johan-Sebastian"]
[Black "Veinberg, Nimrod"]
[Result "1/2-1/2"]
[WhiteElo "2498"]
[BlackElo "2368"]
[Annotator "TA"]
[PlyCount "116"]
[EventDate "2018.??.??"]
[EventType "swiss"]
[EventCountry "HUN"]
[SourceTitle "playchess.com"]
[Source "ChessBase"]
[SourceQuality "1"]

{[%evp 30,116,12,12,26,14,12,15,16,13,9,0,28,34,47,47,47,47,43,46,46,46,46,46,47,47,46,46,47,47,47,49,49,49,49,47,57,47,56,46,46,46,59,53,53,47,52,50,80,46,47,46,47,24,24,24,27,0,0,0,142,142,142,142,142,142,142,142,142,142,142,142,142,142,142,142,142,142,142,142,142,142,142,8,142,8,8,8,8]} 1. e4 e5 2. Nf3 Nc6 3. Bb5 a6 4. Ba4 Nf6 5. O-O Be7 6. Re1 b5 7. Bb3 d6 8. c3 O-O 9. h3 Bb7 10. d4 Nd7 11. Nbd2 {[%cal Bb1d2,Bd2f1,Bf1h2,Bh2g4][%mdl 32]} exd4 {C92: Closed Ruy Lopez: 9...Be6, Karpov and Flohr-Zaitsev Variations} 12. cxd4 Bf6 13. Nf1 Na5 14. Bc2 Re8 15. N1h2 (15. Ne3 Bxe4 16. Bd2 Bxc2 17. Qxc2 Nc4 18. Nxc4 Rxe1+ 19. Rxe1 bxc4 20. Qxc4 {½-½ (60) Shankland,S (2671)-Bu,X (2725) Liaocheng 2018}) 15... c5 16. Ng4 {LiveBook: 28 Games} Bxd4 17. Nxd4 cxd4 18. Qxd4 Rc8 19. Qd1 d5 $146 {[%cal Rd5e4]} 20. Re3 Ne5 (20... d4 {seems wilder.} 21. Rg3 Rxc2 22. Qxc2 Bxe4 23. Qd1 Nc6) 21. exd5 Qxd5 22. Qxd5 Bxd5 23. Rxe5 Rxe5 {[#]} 24. Bxh7+ $1 {[%mdl 512]} Kxh7 25. Nxe5 Nc6 26. Nxc6 Rxc6 $14 {[%mdl 4096] Endgame KRB-KRB} 27. Be3 Rc2 28. Bd4 b4 29. a3 Rd2 30. Be3 Rxb2 31. axb4 Rxb4 32. Rxa6 Bc4 33. Rc6 Bd5 34. Rc5 Be6 35. Kh2 Rb3 36. Re5 Rd3 37. g4 Rd5 38. Re4 g5 39. Rb4 Kg6 40. Rb6 Rd1 41. Rb8 {Threatens to win with Rg8+.} f6 42. Rb6 Kf7 43. Rb2 Bd5 {Strongly threatening ...Rh1+.} 44. f4 Ra1 (44... Re1 $11 45. Rd2 Bc6) 45. fxg5 $16 Ra2 46. Rxa2 Bxa2 47. gxf6 Kxf6 {KB-KB} 48. Kg3 Bb3 49. h4 Bd1 50. h5 Kf7 51. Kh4 Be2 52. Bd4 Bd1 53. g5 {And now g6+ would win.} Bc2 {[#]} 54. Kg3 $1 Bb1 55. Kf4 Bc2 56. Ke5 (56. Ba1 $16) 56... Bb1 (56... Bd1 $11 {keeps the balance.}) 57. g6+ (57. Bc3 $16) 57... Bxg6 $11 58. hxg6+ Kxg6 {Precision: White = 53%, Black = 67%.} 1/2-1/2

[Event "Budapest Spring Festival 2018"]
[Site "Budapest"]
[Date "2018.04.24"]
[Round "7"]
[White "Zanan, Evgeny"]
[Black "Popovics, Adam"]
[Result "1-0"]
[WhiteElo "2493"]
[BlackElo "2380"]
[Annotator "TA"]
[PlyCount "121"]
[EventDate "2018.??.??"]
[EventType "swiss"]
[EventCountry "HUN"]
[SourceTitle "playchess.com"]
[Source "ChessBase"]
[SourceQuality "1"]

{[%evp 31,121,14,10,9,48,38,74,77,76,63,75,31,89,51,58,58,67,58,64,64,69,51,108,112,108,112,108,112,113,107,107,116,260,258,240,195,195,199,206,197,200,195,196,164,188,147,162,126,194,183,199,196,192,200,185,51,51,56,73,57,56,47,56,57,77,47,217,211,191,133,354,354,720,674,659,118,455,114,545,509,439,162,29963,29965,29966,29963,29968,29970,29967,29969,29964,29963]} 1. d4 Nf6 2. c4 e6 3. Nf3 d5 4. g3 dxc4 5. Bg2 c5 6. O-O Nc6 7. dxc5 Qxd1 8. Rxd1 Bxc5 9. Nbd2 c3 10. bxc3 O-O 11. Nb3 Be7 12. c4 Bd7 13. Bb2 {E04: Open Catalan: 5 Nf3} Rfd8 14. Nfd4 Rac8 15. Nb5 b6 16. Rac1 a5 {[#] LiveBook: 5 Games} 17. Nd6 $146 ({Predecessor:} 17. a4 Be8 18. Rxd8 Rxd8 {½-½ (31) Aronian,L (2801)-Giri,A (2762) Heraklio 2017}) 17... Bxd6 18. Rxd6 a4 19. Rcd1 $1 Be8 20. Rxd8 Nxd8 21. Nd2 Bc6 (21... Nc6 $14) 22. Bd4 Nd7 23. Rb1 Bxg2 24. Kxg2 Rb8 25. Be3 Nc6 26. Ne4 Na5 (26... f5 $14 27. Nd6 Kf8) 27. Rb4 $1 $16 Rc8 28. Nd2 ({Much worse is} 28. Rxa4 $6 Rxc4 29. Rxc4 Nxc4 $11) 28... Ne5 {[%cal Ra5c4]} 29. c5 $1 {[%cal Rc5b6]} ({Of course not} 29. Rxa4 $6 Naxc4 30. Nxc4 Nxc4 $11) 29... bxc5 30. Rxa4 Nb7 31. f4 Nd7 (31... Nc6 $16) 32. Ra7 $18 Rb8 33. Nc4 {Strongly threatening a4.} Nf6 34. a4 Nd5 35. Bf2 Nd8 36. Rd7 Nc6 37. Rd6 Nd4 38. e3 Nb3 39. e4 Nc3 (39... Nb4 $16) 40. a5 Nxe4 41. Rb6 Rxb6 42. axb6 {[%mdl 4096] Endgame b7 is the strong threat. KBN-KNN} Nf6 43. Ne5 (43. b7 $18 Nd7 44. Nb6) 43... Na5 $14 44. Bxc5 Nb7 45. Bd4 Kf8 46. Kf3 Ke8 47. Nc4 Ke7 48. Bc3 g6 $2 (48... Ne8 $14) 49. Bxf6+ $1 $18 Kxf6 {KN-KN} 50. g4 (50. Ke4 $18) 50... h6 $2 (50... Ke7 $16) 51. h4 {[%cal Bh2h4,Bh4h5][%mdl 32]} g5 $2 {[#]} (51... Ke7 52. Ke3 h5) 52. h5 $1 Kg7 {[#]} 53. Ke4 $2 (53. f5 $1 $18 {Hoping for Ke4.} Kf6 54. Ke4) 53... Kf6 $2 {[%mdl 8192]} (53... gxf4 $16 54. Nd2 (54. Kxf4 f6 $16) 54... f6) 54. Ne5 $2 (54. Ke3 $18 {and White stays clearly on top.} gxf4+ 55. Kxf4) 54... Nd6+ $2 {[%mdl 8192]} (54... gxf4 $16 {is a better chance.} 55. Nf3 (55. Kxf4 Kg7 $16) 55... Kg7) 55. Kf3 Kg7 {If only Black now had time for ...gxf4....} 56. Nd7 $2 (56. f5) 56... f5 $2 (56... Nb7 $18) 57. fxg5 {White mates.} hxg5 58. Nc5 Nc4 59. b7 Ne5+ 60. Kg2 Nc6 61. Nxe6+ {Precision: White = 61%, Black = 39%.} 1-0

[Event "Budapest Spring Festival 2018"]
[Site "Budapest"]
[Date "2018.04.24"]
[Round "7"]
[White "Milanovic, Danilo"]
[Black "Karpus, Michal"]
[Result "0-1"]
[WhiteElo "2488"]
[BlackElo "2342"]
[Annotator "TA"]
[PlyCount "72"]
[EventDate "2018.??.??"]
[EventType "swiss"]
[EventCountry "HUN"]
[SourceTitle "playchess.com"]
[Source "ChessBase"]
[SourceQuality "1"]

{[%evp 23,72,7,10,9,17,0,0,0,12,-2,23,-15,12,-8,11,0,39,17,17,22,34,59,56,20,39,0,0,-38,-37,-121,-122,-105,-26,-162,-150,-127,-30,-36,-31,-32,0,-145,-8,-218,-194,-372,-372,-548,-547,-644,-637]} 1. d4 Nf6 2. c4 e6 3. Nf3 d5 4. e3 Bd6 5. Nbd2 O-O 6. b3 b6 7. Bb2 Bb7 8. Bd3 Nbd7 9. O-O Ne4 10. Qc2 f5 11. cxd5 {E14: Queen's Indian: Classical Variation (4 e3)} exd5 12. Ne5 c5 {LiveBook: 3 Games} 13. Ndf3 $146 {The position is equal.} ({Predecessor:} 13. f3 Nxd2 14. Qxd2 cxd4 15. exd4 Nxe5 16. dxe5 Bc5+ 17. Kh1 f4 18. Rad1 Be3 {0-1 (53) Saurabh,K (2277)-Koneru,H (2612) Mumbai 2009}) 13... Ndf6 14. Qe2 Rc8 15. Ba6 Qe7 16. Rac1 Rfe8 17. Nh4 g6 (17... Bxa6 {looks sharper.} 18. Qxa6 Qe6 19. f3 Ng5 20. Rfd1 g6) 18. Nhf3 {[%cal Bh4f3,Bf3e1,Be1d3][%mdl 32]} Bb8 19. Rfd1 Rf8 20. Bxb7 Qxb7 21. Ne1 Ng5 22. N1d3 {[%cal Rd4c5]} Ne6 23. a4 Bd6 24. Nf3 Ne4 25. Nde1 f4 26. Rc2 (26. Nd3 $1 $15) 26... fxe3 $17 27. Qxe3 Rce8 ({Black should try} 27... cxd4 $17 28. Bxd4 Rxc2 29. Nxc2 Qc6) 28. Qd3 (28. Nd3 $11) 28... Nf4 $19 29. Qf1 Qf7 (29... g5 $17 {White must now prevent ...g4.} 30. h3 h5 31. dxc5 Bxc5) 30. g3 $11 Ne6 $36 {[%mdl 2048] Black is more active.} 31. dxc5 Bxc5 32. Kg2 (32. Rxd5 $11 Nc7 33. Re5) 32... N6g5 (32... Qf5 $17 {Threatens to win with ...Qh5.} 33. Qd3 Rd8) 33. Nxg5 $2 (33. Qd3 $1 $11 {and White is okay.}) 33... Nxg5 $19 34. f4 $2 (34. Qd3 Bxf2 35. Bc1) 34... Qf5 {( -> ...Qh3+)} 35. Kh1 {[#]} (35. Qd3 {was the only defense.} Qh3+ 36. Kh1) 35... Rxe1 $1 {[%mdl 512]} 36. Qxe1 {aiming for Qc3.} (36. Rxe1 Qxc2) 36... Qxc2 {Precision: White = 18%, Black = 38%.} 0-1

[Event "Budapest Spring Festival 2018"]
[Site "Budapest"]
[Date "2018.04.24"]
[Round "7"]
[White "Nagy, Gabor"]
[Black "Nguyen, Van Thanh"]
[Result "1/2-1/2"]
[WhiteElo "2481"]
[BlackElo "2352"]
[Annotator "TA"]
[PlyCount "55"]
[EventDate "2018.??.??"]
[EventType "swiss"]
[EventCountry "HUN"]
[SourceTitle "playchess.com"]
[Source "ChessBase"]
[SourceQuality "1"]

{[%evp 20,55,19,12,37,14,39,32,33,31,47,36,43,0,7,4,15,0,0,0,19,-11,-10,-6,-15,-10,-10,-16,-12,-14,-10,-20,-12,-24,-6,-76,-43,-96]} 1. e4 e6 2. d4 d5 3. Nc3 Nf6 4. Bg5 dxe4 5. Nxe4 Nbd7 6. Nf3 h6 7. Nxf6+ Nxf6 8. Bh4 c5 9. Bc4 a6 {C10: French with 3 Nc3: Unusual Black 3rd moves and 3...dxe4} (9... cxd4 10. O-O Be7 11. Qe2 O-O 12. Rad1 Qb6 13. Ne5 Nd5 14. Bxe7 Nxe7 15. Rd3 Nf5 16. g4 Nh4 17. Qe4 f6 18. Rh3 fxe5 19. Rxh4 {0-1 (52) Adhiban,B (2671)-Baklan,V (2619) Monzon 2016}) 10. O-O cxd4 11. Qe2 {LiveBook: 6 Games} Be7 {The position is equal.} 12. Rad1 O-O 13. Nxd4 $146 ({Predecessor:} 13. a4 Qb6 14. Nxd4 Re8 15. b3 e5 16. Bxf6 Qxf6 17. Nf3 Bc5 18. Nd2 Qg6 {0-1 (40) Hettstedt,J-Puschendorf,S (2209) Germany 2006}) 13... Qc7 14. Rfe1 Re8 15. Bb3 Bd7 16. Nf3 Rad8 17. Ne5 Bc8 18. f4 Rxd1 19. Rxd1 Nd5 20. Bg3 Bc5+ 21. Kh1 Ne3 22. Rd3 Nf5 23. Bf2 Bxf2 24. Qxf2 Rd8 25. h3 Rxd3 26. Nxd3 Bd7 27. Qc5 (27. Kh2 $11 {remains equal.}) 27... Bc6 $17 {And now ...Nh4 would win.} 28. Kg1 {Precision: White = 53%, Black = 48%.} (28. Kh2 $15) 1/2-1/2

[Event "Budapest Spring Festival 2018"]
[Site "Budapest"]
[Date "2018.04.24"]
[Round "7"]
[White "Krzyzanowski, Marcin"]
[Black "Rudolf, Michal"]
[Result "1-0"]
[WhiteElo "2472"]
[BlackElo "2349"]
[Annotator "TA"]
[PlyCount "45"]
[EventDate "2018.??.??"]
[EventType "swiss"]
[EventCountry "HUN"]
[SourceTitle "playchess.com"]
[Source "ChessBase"]
[SourceQuality "1"]

{[%evp 14,44,39,20,20,25,74,77,67,74,99,108,167,157,158,162,464,465,493,521,489,504,502,500,472,411,934,920,29991,29992,29996,29997,29999]} 1. e4 d5 2. exd5 Qxd5 3. Nc3 Qd8 4. d4 c6 5. Bc4 (5. Nf3 Bf5 6. Be2 e6 7. O-O Nd7 8. Bf4 Be7 9. Qd2 Ngf6 10. Rad1 O-O 11. Bg3 Nb6 12. Qc1 Nbd5 13. Nb1 {1-0 (49) Jakovenko,D (2710)-Levin,E (2532) Sochi 2017}) 5... Bf5 6. Nf3 {B01: Scandinavian Defence} e6 7. O-O Nf6 8. h3 {LiveBook: 6 Games. White is slightly better.} h6 9. Re1 Bd6 $146 ({Predecessor:} 9... Be7 10. Bf4 Nbd7 11. Bd3 Bxd3 12. Qxd3 O-O 13. Rad1 Qb6 14. b3 Nh5 {0-1 (71) Gitzinger,L (2107)-Tebar Moreno,J (2236) France 2004}) 10. d5 $1 {[%cal Rd5e6]} cxd5 11. Nxd5 Bc5 12. Nxf6+ gxf6 {[#]} (12... Qxf6 $16 {was necessary.} 13. Bb5+ (13. Qd5 Qe7 $16) 13... Kf8) 13. Qe2 $1 $18 {Black must now prevent Nh4.} Nc6 14. Nh4 Nd4 $2 {[#]} (14... Bh7 {is more resistant.}) 15. Qh5 $1 Qa5 16. c3 O-O-O 17. b4 Bxb4 18. cxb4 Qxb4 19. Bf4 Nc2 {[#]} (19... Bc2 $142 20. Bf1 (20. Qxf7 Qxc4 21. Rac1 Rhf8 $14) 20... e5) 20. Nxf5 $1 {[%mdl 512]} Nxe1 {[#]} (20... exf5 21. Qxf7) 21. Bxe6+ $1 {[%mdl 512] White mates.} fxe6 22. Rc1+ Kd7 23. Rc7# {Precision: White = 86%, Black = 38%.} 1-0

[Event "Budapest Spring Festival 2018"]
[Site "Budapest"]
[Date "2018.04.24"]
[Round "7"]
[White "Kanmazalp, Ogulcan"]
[Black "Onischuk, Vladimir"]
[Result "1/2-1/2"]
[WhiteElo "2471"]
[BlackElo "2630"]
[Annotator "TA RC"]
[PlyCount "46"]
[EventDate "2018.??.??"]
[EventType "swiss"]
[EventCountry "HUN"]
[SourceTitle "playchess.com"]
[Source "ChessBase"]
[SourceQuality "1"]

{[%evp 20,46,0,0,0,0,0,0,0,0,0,0,0,0,0,0,0,0,0,0,0,0,0,0,0,0,0,0,0]} 1. e4 d6 2. d4 g6 3. Nc3 Bg7 4. f4 Nf6 5. Nf3 O-O 6. e5 dxe5 7. fxe5 Nd5 8. Bc4 Nxc3 9. bxc3 c5 10. O-O {B09: Pirc Defence: Austrian Attack} Bg4 11. Qd3 {LiveBook: 3 Games. And now Ng5 would win.The position is equal.} Nc6 {With the idea ...cxd4.} 12. Ng5 e6 {[%cal Rc5d4]} 13. Qg3 $1 {[%cal Rg3g4]} Bf5 $1 14. Rxf5 ({Don't play} 14. Qh4 h6 $17) 14... exf5 15. e6 $1 {[#] Hoping for Bf4.} Bxd4+ $1 16. Kf1 (16. cxd4 Qxd4+) 16... Be5 17. Bf4 {[#]} Qd6 $146 ({Predecessor:} 17... Bxf4 18. exf7+ {0-1 (47) Ter Sahakyan,S (2553)-Onischuk,V (2632) Batumi 2018}) 18. Qh4 $36 {[%csl Gg5][%cal Rh4h7][%mdl 2048] White fights for an advantage.} ({Much worse is} 18. Nxf7 Rxf7 19. exf7+ Kg7 $17) 18... h5 19. Nxf7 Rxf7 20. exf7+ Kg7 21. Re1 Rf8 ({But not} 21... Bxf4 $2 22. Re8 $18) 22. Rxe5 Nxe5 23. Qe1 Kf6 1/2-1/2

[Event "Budapest Spring Festival 2018"]
[Site "Budapest"]
[Date "2018.04.24"]
[Round "7"]
[White "Livaic, Leon"]
[Black "Ivanisevic, Ivan"]
[Result "0-1"]
[WhiteElo "2468"]
[BlackElo "2562"]
[Annotator "TA"]
[PlyCount "74"]
[EventDate "2018.??.??"]
[EventType "swiss"]
[EventCountry "HUN"]
[SourceTitle "playchess.com"]
[Source "ChessBase"]
[SourceQuality "1"]

{[%evp 27,74,0,0,8,0,-1,-14,-56,-60,-44,-54,-53,0,-6,0,-28,-16,-36,-18,-43,-38,-8,-16,0,0,-119,-119,-118,-118,-119,-119,-1025,-1020,-990,-950,-29966,-6490,-29989,-29990,-29990,-29991,-29991,-29988,-29993,-29994,-29994,-29993,-29994,-29993]} 1. d4 Nf6 2. c4 e6 3. Nf3 d5 4. Nc3 Nbd7 5. cxd5 exd5 6. Bg5 c6 7. Qc2 Bd6 8. e3 Nf8 9. Bd3 Ng6 10. h4 {D35: Queen's Gambit Declined: Exchange Variation} (10. Nh4 O-O 11. O-O-O h6 12. Nxg6 fxg6 13. Bf4 Ng4 14. h3 Nxf2 15. Qxf2 g5 16. g3 gxf4 17. gxf4 Bf5 18. Bxf5 Rxf5 {½-½ (35) Gonda,L (2507)-Jakab,A (2359) Budapest 2017}) 10... h6 11. Bxg6 hxg5 12. Nxg5 fxg6 13. Qxg6+ Kd7 14. Nf7 Qf8 {LiveBook: 5 Games} 15. Nxh8 ({Much worse is} 15. Nxd6 Kxd6 16. e4 dxe4 $19) 15... Qxh8 16. g4 Kc7 17. g5 Ne4 18. Nxe4 dxe4 19. h5 $146 {[%cal Bh4h5,Bh5h6,Bh6g7][%mdl 32]} Bg4 (19... Bb4+ $15 20. Kf1 Qf8 21. Qxe4 Bf5) 20. h6 $132 {[%mdl 2048] White has counterplay} Qf8 21. Qxe4 Bf5 22. hxg7 Qf7 $1 23. Qf3 {And now Rh8 would win.} Bb4+ 24. Kf1 {Hoping for Rh8.} Bd3+ 25. Kg2 Qxg7 26. Qf6 {[#]} (26. Rh4 $11 {remains equal.}) 26... Qd7 $1 $17 {[%cal Rd7g4][%mdl 1024] ( -> ...Qg4+). Black has strong compensation.} 27. Rh6 {[#]} Qg4+ $1 28. Kh2 Rf8 29. Qe5+ $2 {[%mdl 8192]} (29. f3 $17 Qxf3 30. Qxf3 Rxf3 31. Rh3) 29... Kb6 $19 {[%cal Bc7b6,Bb6c6,Bc6b5][%mdl 32]} 30. Qg3 Qe2 $1 {[%csl LRb2,LRf2]} 31. Kg1 Rf3 32. Qh2 Be1 {[%csl Gd3][%cal Re2f1] Black mates.} 33. Rxc6+ Kxc6 {[%csl Gd3][%cal Re2f1]} 34. Rc1+ Bc4 {[%csl Gc4][%cal Re2f1]} 35. Qg2 Bxf2+ 36. Kh1 Kb5 37. a4+ Kb4 {Precision: White = 38%, Black = 80%.} 0-1